Discursos / del Excmo. Sr. D. Joaquín Buxó de Abaigar... ; prólogo del Excmo. Sr. D. Esteban de Bilbao y Eguía
Descripción Física:
320 p. ; 24 cm
Otros Autores:
Bilbao y Eguía, Esteban, Marqués de
MARC
| LEADER | 00000nam a2200000Ia 4500 | ||
|---|---|---|---|
| 001 | 1742 | ||
| 008 | 160829s9999 xx 000 0 cat d | ||
| 080 | |a M-1-267 | ||
| 110 | 1 | |a Barcelona (Catalunya : Província). |b President (1949-1967 : Buxó de Abaigar) |9 54218 | |
| 245 | |a Discursos / del Excmo. Sr. D. Joaquín Buxó de Abaigar... ; prólogo del Excmo. Sr. D. Esteban de Bilbao y Eguía | ||
| 260 | |a Barcelona : |b Sección de Prensa de la Diputación Provincial de Barcelona, [1956] | ||
| 300 | |a 320 p. ; |c 24 cm | ||
| 590 | |a Comprèn el període: 24 abril 1949 a 18 juliol 1956. | ||
| 610 | 1 | 0 | |9 52771 |a Barcelona (Catalunya : Província). |b Diputació |x Presidents |
| 650 | 0 | |a Discursos castellans |9 54360 | |
| 700 | 1 | |a Bilbao y Eguía, Esteban, Marqués de |9 27165 | |
| 901 | |a Arxiu | ||
| 942 | |n 1 |2 udc | ||
| 952 | |0 0 |1 0 |4 0 |6 M1267 |7 1 |9 44296 |a Arxiu |b Arxiu |d 2016-12-01 |l 0 |o M-1-267 |p 1742 |r 2016-12-01 00:00:00 |w 2016-12-01 |y ARXIU | ||
| 999 | |c 46876 |d 46876 | ||